000 00782cam a2200253 i 4500
008
020 _a0801602696
040 _aNLM
_cNUST
_dTVJ
_dCLU
049 _aMAIN
090 _aQP44
_bANT
100 1 _aAnthony, Catherine Parker.
245 1 0 _aAnatomy and physiology laboratory manual /
_cCatherine Parker Anthony.
250 _a9th ed.
260 _aSt. Louis :
_bMosby,
_c1975.
300 _ax, 213 p. :
_bill. ;
_c25 cm
650 2 _aAnatomy
_vlaboratory manuals.
650 2 _aPhysiology
_vlaboratory manuals.
650 0 _aHuman anatomy
_xLaboratory manuals.
650 0 _aHuman physiology
_xLaboratory manuals.
907 _a.b10015140
_b26-04-12
_c17-04-03
003
005 20230123133955.0
942 _cBOOKS
_kQP44
_mANT
999 _c157838
_d157838